| 000 | 01165nam a2200289 a 4500 | ||
|---|---|---|---|
| 001 | ES-MaREB01051073-1 | ||
| 003 | AR-RoIUNI | ||
| 005 | 20260309102339.0 | ||
| 007 | ta | ||
| 008 | 091216s2008 esp fr 001 0 spa d | ||
| 020 | _a9789875668508 | ||
| 040 |
_aXLPV _cIUNIR _bSpa _eAnglo |
||
| 080 | _a316 SON | ||
| 100 | 1 | _aSontag, Susan | |
| 245 | 1 | 3 |
_aLa enfermedad y sus metáforas. El Sida y sus metáforas. / _cSusan Sontag ; traduccion de Mario Muchnik ; revisada por Aurelio Major. |
| 250 | _a1a. ed. | ||
| 260 |
_aBuenos Aires : _bDebolsillo, _c2012. |
||
| 300 |
_a205 p. ; _c20 cm |
||
| 490 | 0 | _aContemporánea | |
| 520 | _aGran pensadora y escritora norteamericana, su lucha con el cáncer de mama y de útero la motivó a escribir esta obra. El texto es un alegato a favor de la dignidad del ser humano y de la responsabilidad que todos los ciudadanos tienen, respecto a las enfermedades y las punitivas fantasías que generan. | ||
| 650 | 1 | 0 |
_aEnfermedades Transmisibles _xEn la literatura _9388 |
| 650 | 1 | 4 | _aSida |
| 700 |
_aMuchnik, Mario _etrad. |
||
| 700 |
_aMajor, Aurelio _erev. |
||
| 740 | 3 | _aEl Sida y sus metaforas. | |
| 942 |
_2cdu _cBK |
||
| 999 |
_c3311 _d3311 |
||